00707cam a22002417a 4500003000500000005001700005008004100022010001000063011001000073020001500083035001000098040000900108082001400117100002600131245008100157260003800238300003100276490003800307650002700345700003000372700002500402830003800427CHAP20220329142246.0000404d1990 us a r 00010 eng d a80679 a81651 a0824780469 a92126 cCHAP04a614.3bB600aBranen, A. Larryeed.10aFood additivesc/ed. by A. L. Branen, P. Michael Davidson and Seppo Salminen aNew York :bMarcel Dekker,c1990. a736 p. :bilus. ; gráfs. 0aFood science and technologyv; 3514aAditivos alimenticios.0 aDavidson, P. Michaeleed.0 aSalminen, Seppoeed.0 aFood science and technologyv; 35